ARRUPE JESUIT UNIVERSITY

CORONAVIRUS -STOP THE SPREAD - CLEAN,DISINFECT,COVER

Philosophical writings / (Record no. 123491)

MARC details
000 -LEADER
fixed length control field 01113mam a22003494a 4500
001 - CONTROL NUMBER
control field 3354024
003 - CONTROL NUMBER IDENTIFIER
control field ARRUPE
005 - DATE AND TIME OF LATEST TRANSACTION
control field 20151008160625.0
008 - FIXED-LENGTH DATA ELEMENTS--GENERAL INFORMATION
fixed length control field 011113s2002 enk b 001 0 eng
010 ## - LIBRARY OF CONGRESS CONTROL NUMBER
LC control number 2001052973
020 ## - INTERNATIONAL STANDARD BOOK NUMBER
International Standard Book Number 0521790883
020 ## - INTERNATIONAL STANDARD BOOK NUMBER
International Standard Book Number 0521794099 (pbk.)
035 ## - SYSTEM CONTROL NUMBER
System control number (OCoLC)ocm48515882
035 ## - SYSTEM CONTROL NUMBER
System control number (NNC)3354024
040 ## - CATALOGING SOURCE
Original cataloging agency DLC
Transcribing agency DLC
Modifying agency C#P
041 1# - LANGUAGE CODE
Language code of text/sound track or separate title eng
Language code of original and/or intermediate translations of text ger
042 ## - AUTHENTICATION CODE
Authentication code pcc
043 ## - GEOGRAPHIC AREA CODE
Geographic area code e-gx---
050 00 - LIBRARY OF CONGRESS CALL NUMBER
Classification number B3051.A35
Item number F6713 2002
082 00 - DEWEY DECIMAL CLASSIFICATION NUMBER
Classification number 193
Edition number 21
300 ## - PHYSICAL DESCRIPTION
Dimensions 24 cm.
100 1# - MAIN ENTRY--PERSONAL NAME
Personal name Herder, Johann Gottfried,
Dates associated with a name 1744-1803.
9 (RLIN) 18769
240 10 - UNIFORM TITLE
Uniform title <a href="Works.">Works.</a>
Form subheading Selections.
Language of a work English.
Date of a work 2002
245 10 - TITLE STATEMENT
Title Philosophical writings /
Statement of responsibility, etc Johann Gottfried von Herder ; translated and edited by Michael N. Forster.
260 ## - PUBLICATION, DISTRIBUTION, ETC. (IMPRINT)
Place of publication, distribution, etc Cambridge ;
-- New York :
Name of publisher, distributor, etc Cambridge University Press,
Date of publication, distribution, etc 2002.
300 ## - PHYSICAL DESCRIPTION
Extent xliv, 436 p. ;
490 1# - SERIES STATEMENT
Series statement Cambridge texts in the history of philosophy
504 ## - BIBLIOGRAPHY, ETC. NOTE
Bibliography, etc Includes bibliographical references and index.
650 #0 - SUBJECT ADDED ENTRY--TOPICAL TERM
Topical term or geographic name as entry element Philosophy, German
Chronological subdivision 18th century.
9 (RLIN) 1663
700 1# - ADDED ENTRY--PERSONAL NAME
Personal name Forster, Michael N.
9 (RLIN) 20203
942 ## - ADDED ENTRY ELEMENTS (KOHA)
Source of classification or shelving scheme Library of Congress Classification
Koha item type Monograph ( Printed materials)
Holdings
Withdrawn status Lost status Source of classification or shelving scheme Damaged status Not for loan Collection code Home library Current library Shelving location Date acquired Total Checkouts Full call number Barcode Date last seen Date checked out Price effective from Koha item type
    Library of Congress Classification     Main Collection ARRUPE LIBRARY ARRUPE LIBRARY Main Collection 08/10/2015 1 B3051.A35F6713 2002 46500005527 09/05/2018 26/04/2018 08/10/2015 Monograph ( Printed materials)

 

Arrupe Library. PO Box MP320 Mt Pleasant, Harare, Zimbabwe
263 242 745411|librarian@aju.ac.zw